[Event "URS-ch U20"]
[Site "Tallinn"]
[Date "1986.??.??"]
[Round "?"]
[White "Oll, Lembit"]
[Black "Ivanchuk, Vassily"]
[Result "1/2-1/2"]
[WhiteElo "2405"]
[BlackElo "2390"]
[PlyCount "70"]
[EventDate "1986.01.??"]
[EventType "tourn"]
[EventRounds "15"]
[EventCountry "URS"]
[EventCategory "8"]
[Source "ChessBase"]
[SourceDate "1998.11.10"]

1. e4 e6 2. d4 d5 3. Nd2 Nf6 4. e5 Nfd7 5. Bd3 c5 6. c3 Nc6 7. Ne2 cxd4 8. cxd4
f6 9. exf6 Nxf6 10. Nf3 Bd6 11. O-O Qc7 12. h3 O-O 13. Be3 Bd7 14. Rc1 Rae8 15.
Nc3 Qb8 16. Bb1 Re7 17. Nb5 Bf4 18. Re1 Be8 19. Qd2 Ne4 20. Bxe4 dxe4 21. Bxf4
Qxf4 22. Qxf4 Rxf4 23. Nd2 Bg6 24. Nd6 Nxd4 25. N2xe4 Rd7 26. Rc4 e5 27. Rc5
Nc6 28. a3 Rf8 29. b4 a6 30. f3 Bxe4 31. Nxe4 Rd3 32. Ra1 Rfd8 33. Ra2 Rb3 34.
Nd2 Rbd3 35. Ne4 Rb3 1/2-1/2

[Event "URS-ch U20"]
[Site "Tallinn"]
[Date "1986.??.??"]
[Round "?"]
[White "Oll, Lembit"]
[Black "Rozentalis, Eduardas"]
[Result "1/2-1/2"]
[WhiteElo "2405"]
[BlackElo "2465"]
[PlyCount "51"]
[EventDate "1986.01.??"]
[EventType "tourn"]
[EventRounds "15"]
[EventCountry "URS"]
[EventCategory "8"]
[Source "ChessBase"]
[SourceDate "1998.11.10"]

1. d4 Nf6 2. c4 e6 3. Nf3 b6 4. a3 Bb7 5. Nc3 d5 6. cxd5 exd5 7. Bf4 Bd6 8. Bg3
O-O 9. e3 c5 10. Be2 Na6 11. O-O Bxg3 12. hxg3 Nc7 13. a4 Qd6 14. Qb3 a5 15.
Qa3 Na6 16. Bxa6 Bxa6 17. Rfd1 Rfe8 18. dxc5 bxc5 19. e4 Nxe4 20. Rxd5 Qc6 21.
Rad1 Nxc3 22. Qxc3 Qxa4 23. Qxc5 Bb7 24. R5d2 Bxf3 25. gxf3 Qb3 26. Kg2 1/2-1/2

[Event "URS-ch U20"]
[Site "Tallinn"]
[Date "1986.??.??"]
[Round "?"]
[White "Pigusov, Evgeny"]
[Black "Oll, Lembit"]
[Result "1-0"]
[WhiteElo "2495"]
[BlackElo "2405"]
[PlyCount "83"]
[EventDate "1986.01.??"]
[EventType "tourn"]
[EventRounds "15"]
[EventCountry "URS"]
[EventCategory "8"]
[Source "ChessBase"]
[SourceDate "1998.11.10"]

1. c4 Nf6 2. Nf3 c5 3. Nc3 b6 4. d4 cxd4 5. Nxd4 Bb7 6. f3 Nc6 7. e4 g6 8. Be3
Bg7 9. Be2 O-O 10. O-O Nh5 11. Qd2 Nf4 12. Rfd1 Nxd4 13. Bxd4 Bxd4+ 14. Qxd4
Nxe2+ 15. Nxe2 d6 16. Rac1 Qc7 17. Nf4 Rac8 18. Nd3 Qc6 19. b3 Rc7 20. h3 e5
21. Qe3 f5 22. Nb4 Qc5 23. Qxc5 dxc5 24. Nd5 Rcf7 25. exf5 gxf5 26. Rc2 Re8 27.
Re2 Bxd5 28. Rxd5 Rfe7 29. f4 exf4 30. Rxe7 Rxe7 31. Kf2 Re3 32. Rd7 a6 33. Rb7
Re6 34. Kf3 Rg6 35. h4 Rg3+ 36. Kf2 b5 37. cxb5 axb5 38. Rxb5 Rc3 39. a4 c4 40.
b4 Rb3 41. a5 Rb2+ 42. Kf3 1-0

[Event "URS-ch U20"]
[Site "Tallinn"]
[Date "1986.??.??"]
[Round "?"]
[White "Yakovich, Yuri"]
[Black "Oll, Lembit"]
[Result "1/2-1/2"]
[WhiteElo "2480"]
[BlackElo "2405"]
[PlyCount "60"]
[EventDate "1986.01.??"]
[EventType "tourn"]
[EventRounds "15"]
[EventCountry "URS"]
[EventCategory "8"]
[Source "ChessBase"]
[SourceDate "2001.11.25"]

1. e4 c5 2. Nc3 d6 3. Nge2 a6 4. g3 b5 5. Bg2 Bb7 6. O-O b4 7. Nd5 e6 8. Ne3
Nf6 9. d3 d5 10. exd5 Nxd5 11. d4 Nxe3 12. Bxe3 Bxg2 13. Kxg2 cxd4 14. Nxd4
Qd5+ 15. Qf3 Qxf3+ 16. Kxf3 Nd7 17. Rad1 Rc8 18. Rfe1 Be7 19. Bf4 Nc5 20. Bd2
Na4 21. b3 Nc3 22. Bxc3 Rxc3+ 23. Rd3 Rc5 24. c3 bxc3 25. Rc1 Bf6 26. Rdxc3
Rxc3+ 27. Rxc3 Kd7 28. Rc4 Rb8 29. Ke4 Rb6 30. b4 Be7 1/2-1/2

[Event "URS Army-ch"]
[Site "Kaliningrad"]
[Date "1986.??.??"]
[Round "?"]
[White "Oll, Lembit"]
[Black "Lanka, Zigurds"]
[Result "1-0"]
[WhiteElo "2405"]
[BlackElo "2370"]
[PlyCount "91"]
[EventDate "1986.05.13"]
[EventType "tourn"]
[EventRounds "17"]
[EventCountry "URS"]
[Source "ChessBase"]
[SourceDate "1999.11.16"]

1. e4 c5 2. Nf3 Nc6 3. d4 cxd4 4. Nxd4 Nf6 5. Nc3 d6 6. Bg5 e6 7. Qd2 a6 8.
O-O-O h6 9. Be3 Be7 10. Be2 Bd7 11. f4 b5 12. Bf3 Rc8 13. Kb1 Qc7 14. Nb3 b4
15. Na4 Na5 16. Nb6 Nc4 17. Nxc4 Qxc4 18. Nd4 h5 19. e5 Nd5 20. exd6 Bf6 21. f5
O-O 22. fxe6 fxe6 23. Rhe1 Nxe3 24. Qxe3 e5 25. Qb3 Kh8 26. Bd5 Qxb3 27. Nxb3
Bg4 28. Bf3 Bf5 29. Be4 Bg4 30. Rd5 Be6 31. Rc5 Rfd8 32. Rd1 Bxb3 33. Rxc8
Bxa2+ 34. Kxa2 Rxc8 35. Kb3 Rb8 36. Kc4 Kg8 37. Ra1 Kf7 38. Rxa6 Ke6 39. Bd5+
Kf5 40. d7 e4 41. Re6 Rd8 42. Re8 e3 43. Rxe3 Bxb2 44. Re8 Bf6 45. Kxb4 Kg6 46.
Be6 1-0

[Event "URS Army-ch"]
[Site "Kaliningrad"]
[Date "1986.??.??"]
[Round "?"]
[White "Shabalov, Alexander"]
[Black "Oll, Lembit"]
[Result "0-1"]
[WhiteElo "2365"]
[BlackElo "2405"]
[PlyCount "54"]
[EventDate "1986.05.13"]
[EventType "tourn"]
[EventRounds "17"]
[EventCountry "URS"]
[Source "ChessBase"]
[SourceDate "1999.11.16"]

1. Nf3 Nf6 2. c4 g6 3. Nc3 Bg7 4. e4 d6 5. d4 O-O 6. Be2 Nbd7 7. O-O e5 8. Re1
c6 9. Rb1 Re8 10. Bf1 exd4 11. Nxd4 Ng4 12. h3 Qb6 13. hxg4 Qxd4 14. Qc2 Qe5
15. f3 f5 16. gxf5 gxf5 17. Be3 f4 18. Bf2 Re6 19. c5 Rh6 20. Bc4+ Kh8 21. Ne2
Qg5 22. Red1 Ne5 23. Qb3 Bh3 24. g3 Qh5 25. Bd4 Nxf3+ 26. Kf2 Nxd4 27. Nxd4 Bg4
0-1

[Event "URS-ch FL54"]
[Site "Kujbyshev"]
[Date "1986.??.??"]
[Round "?"]
[White "Oll, Lembit"]
[Black "Azmaiparashvili, Zurab"]
[Result "1/2-1/2"]
[WhiteElo "2430"]
[BlackElo "2470"]
[PlyCount "69"]
[EventDate "1986.10.??"]
[EventType "tourn"]
[EventRounds "17"]
[EventCountry "URS"]
[EventCategory "9"]
[Source "ChessBase"]
[SourceDate "1999.07.01"]

1. e4 e5 2. Nf3 Nc6 3. Bb5 g6 4. c3 a6 5. Bc4 Bg7 6. d4 d6 7. Bg5 Nf6 8. dxe5
dxe5 9. Qe2 h6 10. Bh4 O-O 11. Na3 Qe8 12. Bxf6 Bxf6 13. Nc2 Nd8 14. Ne3 Ne6
15. g3 h5 16. Nd5 Bg7 17. a4 a5 18. Nh4 c6 19. Nb6 Rb8 20. O-O Bf6 21. Ng2 Nc5
22. Qe3 Qe7 23. Rfd1 Bh3 24. b4 axb4 25. cxb4 Nd7 26. Nxd7 Bxd7 27. b5 Bg4 28.
Rdb1 cxb5 29. Rxb5 Rfc8 30. Qb3 Bg5 31. h4 Bd2 32. Bd3 Bc3 33. Rc1 Bd4 34.
Rxc8+ Bxc8 35. Ne3 1/2-1/2

[Event "URS-ch FL54"]
[Site "Kujbyshev"]
[Date "1986.??.??"]
[Round "?"]
[White "Oll, Lembit"]
[Black "Khalifman, Alexander"]
[Result "1/2-1/2"]
[WhiteElo "2430"]
[BlackElo "2500"]
[PlyCount "60"]
[EventDate "1986.10.??"]
[EventType "tourn"]
[EventRounds "17"]
[EventCountry "URS"]
[EventCategory "9"]
[Source "ChessBase"]
[SourceDate "1999.07.01"]

1. d4 d5 2. c4 e6 3. Nf3 Nf6 4. Nc3 Be7 5. Bg5 h6 6. Bxf6 Bxf6 7. Rc1 O-O 8. e3
c6 9. Bd3 Nd7 10. O-O dxc4 11. Bxc4 e5 12. Ne4 exd4 13. Nxf6+ Nxf6 14. Qxd4
Qxd4 15. Nxd4 Re8 16. Rfd1 Bd7 17. Kf1 Rad8 18. Ke2 Kf8 19. f3 Bc8 20. b4 Nd5
21. Bxd5 Rxd5 22. Nb3 Rxd1 23. Rxd1 Ke7 24. a3 Rd8 25. Rxd8 Kxd8 26. e4 f6 27.
Ke3 Ke7 28. Kd4 b6 29. Nd2 Bd7 30. f4 Ke6 1/2-1/2

[Event "URS-ch FL54"]
[Site "Kujbyshev"]
[Date "1986.??.??"]
[Round "?"]
[White "Oll, Lembit"]
[Black "Khuzman, Alexander"]
[Result "1/2-1/2"]
[WhiteElo "2430"]
[BlackElo "2390"]
[PlyCount "57"]
[EventDate "1986.10.??"]
[EventType "tourn"]
[EventRounds "17"]
[EventCountry "URS"]
[EventCategory "9"]
[Source "ChessBase"]
[SourceDate "1999.07.01"]

1. e4 e6 2. d4 d5 3. Nd2 c5 4. Ngf3 cxd4 5. exd5 Qxd5 6. Bc4 Qd6 7. O-O Nf6 8.
Nb3 Nc6 9. Nbxd4 Nxd4 10. Qxd4 Qxd4 11. Nxd4 Bd7 12. Be2 Bc5 13. Nb3 Bb6 14.
Bf3 O-O-O 15. Bf4 Nd5 16. Bxd5 exd5 17. Be5 f6 18. Bd4 Bc7 19. Rfe1 Rhe8 20. f3
b6 21. Kf2 Rxe1 22. Rxe1 Re8 23. Rxe8+ Bxe8 24. Be3 Be5 25. Nd4 Bxd4 26. Bxd4
Bg6 27. c3 Bb1 28. a3 Kd7 29. Ke3 1/2-1/2

[Event "URS-ch FL54"]
[Site "Kujbyshev"]
[Date "1986.??.??"]
[Round "?"]
[White "Rashkovsky, Nukhim"]
[Black "Oll, Lembit"]
[Result "1/2-1/2"]
[WhiteElo "2445"]
[BlackElo "2430"]
[PlyCount "32"]
[EventDate "1986.10.??"]
[EventType "tourn"]
[EventRounds "17"]
[EventCountry "URS"]
[EventCategory "9"]
[Source "ChessBase"]
[SourceDate "1999.07.01"]

1. d4 f5 2. Bg5 g6 3. h4 Bg7 4. Nc3 c5 5. d5 Qb6 6. Rb1 Nf6 7. Qd2 Na6 8. e3
Nc7 9. Nge2 h6 10. Bxf6 Qxf6 11. Nf4 Qb6 12. Nfe2 Qf6 13. Nf4 Qb6 14. Nfe2 Qf6
15. Nf4 Qb6 16. Nfe2 Qf6 1/2-1/2

[Event "URS-ch FL54"]
[Site "Kujbyshev"]
[Date "1986.??.??"]
[Round "?"]
[White "Yudasin, Leonid"]
[Black "Oll, Lembit"]
[Result "1/2-1/2"]
[WhiteElo "2495"]
[BlackElo "2430"]
[PlyCount "53"]
[EventDate "1986.10.??"]
[EventType "tourn"]
[EventRounds "17"]
[EventCountry "URS"]
[EventCategory "9"]
[Source "ChessBase"]
[SourceDate "1999.07.01"]

1. d4 d5 2. c4 c6 3. Nf3 Nf6 4. Nc3 e6 5. Qb3 dxc4 6. Qxc4 b5 7. Qb3 Nbd7 8.
Bg5 Qa5 9. e3 b4 10. Na4 c5 11. Bxf6 Nxf6 12. Nxc5 Bxc5 13. dxc5 Qxc5 14. Be2
O-O 15. O-O a5 16. Rac1 Qb6 17. Ne5 Bb7 18. Qa4 Rfd8 19. Rfd1 Rxd1+ 20. Rxd1
Qc7 21. Bf3 Bxf3 22. Nxf3 h6 23. h3 Rc8 24. Nd4 Rd8 25. Nf3 Rc8 26. Nd4 Rd8 27.
Nf3 1/2-1/2

[Event "Baltic-ch"]
[Site "Kuldiga"]
[Date "1987.??.??"]
[Round "?"]
[White "Oll, Lembit"]
[Black "Shabalov, Alexander"]
[Result "1/2-1/2"]
[WhiteElo "2440"]
[BlackElo "2375"]
[PlyCount "67"]
[EventDate "1987.??.??"]
[EventType "tourn"]
[EventRounds "13"]
[EventCountry "URS"]
[Source "ChessBase"]
[SourceDate "2003.11.25"]

1. Nf3 Nf6 2. c4 b6 3. Nc3 Bb7 4. d4 e6 5. a3 d5 6. cxd5 Nxd5 7. e3 Be7 8. Bb5+
c6 9. Bd3 Nxc3 10. bxc3 c5 11. O-O O-O 12. Qe2 Nc6 13. Bb2 cxd4 14. cxd4 Rc8
15. Rad1 Bf6 16. h4 Bxh4 17. e4 Na5 18. d5 exd5 19. exd5 Bf6 20. Ne5 Rc5 21.
Bb1 Rxd5 22. Ba2 Rxd1 23. Rxd1 Qe8 24. Rd7 Bc8 25. Bxf7+ Rxf7 26. Rxf7 Bxe5 27.
Rxa7 Nc6 28. Ra8 Bh2+ 29. Kf1 Qxe2+ 30. Kxe2 Bb8 31. Be5 Bb7 32. Rxb8+ Nxb8 33.
Bxb8 Bxg2 34. a4 1/2-1/2

[Event "Uzhgorod"]
[Site "Uzhgorod"]
[Date "1987.??.??"]
[Round "?"]
[White "Dreev, Alexey"]
[Black "Oll, Lembit"]
[Result "1/2-1/2"]
[WhiteElo "2465"]
[BlackElo "2440"]
[PlyCount "80"]
[EventDate "1987.??.??"]
[EventType "tourn"]
[EventRounds "15"]
[EventCountry "URS"]
[EventCategory "8"]
[Source "ChessBase"]
[SourceDate "1996.11.15"]

1. d4 Nf6 2. c4 e6 3. Nf3 b6 4. Nc3 Bb7 5. a3 d5 6. cxd5 Nxd5 7. Qc2 c5 8. dxc5
Bxc5 9. Bg5 Qc8 10. g3 Nd7 11. Bg2 Be7 12. Bxe7 Nxe7 13. Rc1 O-O 14. O-O Rd8
15. Qb1 Qb8 16. Rfd1 Nf6 17. Rxd8+ Qxd8 18. Rd1 Qc7 19. Qd3 h6 20. Nb5 Qb8 21.
h3 a6 22. Qd6 Nf5 23. Qxb8+ Rxb8 24. Nc3 b5 25. Ne5 Bxg2 26. Kxg2 g5 27. Ng4
Nxg4 28. hxg4 Ne7 29. Rd6 b4 30. Ne4 a5 31. Ra6 Rb5 32. Ra7 Nc6 33. Rc7 bxa3
34. bxa3 Ne5 35. f3 Kg7 36. Kf2 Kg6 37. Rc8 f5 38. Nd6 Rb3 39. Rc5 Rxf3+ 40.
Ke1 Re3 1/2-1/2

[Event "Uzhgorod"]
[Site "Uzhgorod"]
[Date "1987.??.??"]
[Round "?"]
[White "Epishin, Vladimir"]
[Black "Oll, Lembit"]
[Result "1/2-1/2"]
[WhiteElo "2400"]
[BlackElo "2440"]
[PlyCount "105"]
[EventDate "1987.??.??"]
[EventType "tourn"]
[EventRounds "15"]
[EventCountry "URS"]
[EventCategory "8"]
[Source "ChessBase"]
[SourceDate "1996.11.15"]

1. d4 Nf6 2. Nf3 d5 3. c4 c6 4. Qb3 e6 5. Nc3 dxc4 6. Qxc4 b5 7. Qb3 Nbd7 8. g3
b4 9. Na4 c5 10. Bg2 Bb7 11. O-O Bd5 12. Qd1 c4 13. Bg5 Be7 14. Nd2 Bxg2 15.
Kxg2 Nb6 16. e4 Qxd4 17. Be3 Qd3 18. Bxb6 axb6 19. Nxb6 Ra6 20. Nbxc4 Nxe4 21.
Qf3 Qxf3+ 22. Kxf3 Nxd2+ 23. Nxd2 O-O 24. a4 bxa3 25. bxa3 Rxa3+ 26. Rxa3 Bxa3
27. Rb1 Rc8 28. Rb3 Be7 29. Rb2 f5 30. Ke2 Kf7 31. h4 Kf6 32. Kf1 Rc3 33. Kg2
Bc5 34. Ra2 h6 35. Nf3 g6 36. Re2 Bb6 37. Ne5 Bc7 38. Nd7+ Ke7 39. Ne5 g5 40.
hxg5 hxg5 41. Nf3 Kf6 42. Nd4 Be5 43. Nxe6 Kxe6 44. f4 Rc5 45. Kf2 Kf6 46.
fxe5+ Rxe5 47. Ra2 Kg6 48. Kf3 Rb5 49. Ra6+ Kh5 50. g4+ fxg4+ 51. Kg3 Rb3+ 52.
Kg2 Re3 53. Rb6 1/2-1/2

[Event "Uzhgorod"]
[Site "Uzhgorod"]
[Date "1987.??.??"]
[Round "?"]
[White "Goldin, Alexander"]
[Black "Oll, Lembit"]
[Result "0-1"]
[WhiteElo "2440"]
[BlackElo "2440"]
[PlyCount "72"]
[EventDate "1987.??.??"]
[EventType "tourn"]
[EventRounds "15"]
[EventCountry "URS"]
[EventCategory "8"]
[Source "ChessBase"]
[SourceDate "1996.11.15"]

1. d4 Nf6 2. c4 e6 3. Nc3 Bb4 4. e3 c5 5. Bd3 Nc6 6. Nge2 cxd4 7. exd4 d5 8.
cxd5 Nxd5 9. O-O Nf6 10. Bc2 h6 11. Qd3 Bd6 12. a3 Ne7 13. Nf4 Bd7 14. Re1 Bc6
15. b4 a6 16. Bb3 O-O 17. Ra2 Rc8 18. Rc2 Bb8 19. a4 Qd6 20. b5 axb5 21. axb5
Bd5 22. Bxd5 Nexd5 23. Ncxd5 Nxd5 24. Rxc8 Rxc8 25. g3 Qb4 26. Bd2 Nxf4 27.
gxf4 Qd6 28. Ra1 Qd5 29. Ra8 b6 30. Ra6 Bc7 31. Be3 Bd8 32. Ra1 Bf6 33. Ra6
Bxd4 34. Kf1 Qh1+ 35. Ke2 Bxe3 36. Qxe3 Rc2+ 0-1

[Event "Uzhgorod"]
[Site "Uzhgorod"]
[Date "1987.??.??"]
[Round "?"]
[White "Kantsler, Boris"]
[Black "Oll, Lembit"]
[Result "1/2-1/2"]
[WhiteElo "2405"]
[BlackElo "2440"]
[PlyCount "47"]
[EventDate "1987.??.??"]
[EventType "tourn"]
[EventRounds "15"]
[EventCountry "URS"]
[EventCategory "8"]
[Source "ChessBase"]
[SourceDate "1996.11.15"]

1. d4 Nf6 2. Nf3 d5 3. c4 e6 4. Nc3 dxc4 5. e4 Bb4 6. Bg5 b5 7. a4 c6 8. e5 h6
9. exf6 hxg5 10. fxg7 Rg8 11. g3 Bb7 12. Bg2 c5 13. dxc5 Qxd1+ 14. Kxd1 g4 15.
Ne1 Bxg2 16. Nxg2 bxa4 17. Rxa4 Nc6 18. Ne3 Rxg7 19. Nxc4 Bxc5 20. Ne4 Bd4 21.
Ra6 Nb4 22. Ra4 Nc6 23. Ra6 Nb4 24. Ra4 1/2-1/2

[Event "Uzhgorod"]
[Site "Uzhgorod"]
[Date "1987.??.??"]
[Round "?"]
[White "Khuzman, Alexander"]
[Black "Oll, Lembit"]
[Result "1-0"]
[WhiteElo "2530"]
[BlackElo "2440"]
[PlyCount "45"]
[EventDate "1987.??.??"]
[EventType "tourn"]
[EventRounds "15"]
[EventCountry "URS"]
[EventCategory "8"]
[Source "ChessBase"]
[SourceDate "1996.11.15"]

1. Nf3 Nf6 2. c4 e6 3. Nc3 d5 4. d4 dxc4 5. e4 Bb4 6. Bg5 b5 7. a4 c6 8. e5 h6
9. exf6 hxg5 10. fxg7 Rg8 11. g3 Bb7 12. Bg2 Nd7 13. O-O a6 14. axb5 axb5 15.
Rxa8 Bxa8 16. Ne5 Nxe5 17. dxe5 Rxg7 18. Ne4 Qxd1 19. Rxd1 f5 20. exf6 Ra7 21.
Nxg5 c5 22. f7+ Ke7 23. Rd8 1-0

[Event "Uzhgorod"]
[Site "Uzhgorod"]
[Date "1987.??.??"]
[Round "?"]
[White "Novikov, Igor"]
[Black "Oll, Lembit"]
[Result "0-1"]
[WhiteElo "2480"]
[BlackElo "2440"]
[PlyCount "124"]
[EventDate "1987.??.??"]
[EventType "tourn"]
[EventRounds "15"]
[EventCountry "URS"]
[EventCategory "8"]
[Source "ChessBase"]
[SourceDate "1996.11.15"]

1. d4 Nf6 2. c4 e6 3. Nf3 b6 4. g3 Bb7 5. Bg2 Be7 6. Nc3 O-O 7. O-O d5 8. Ne5
Na6 9. b3 c5 10. Bb2 Nc7 11. dxc5 Bxc5 12. Nd3 Bd6 13. cxd5 exd5 14. Nf4 Bxf4
15. gxf4 Ne6 16. e3 Rc8 17. Rc1 Ba6 18. Re1 d4 19. Ne4 Rxc1 20. Nxf6+ Qxf6 21.
Qxc1 Qg6 22. f5 Qxf5 23. Bxd4 Rc8 24. Qa3 Rc2 25. e4 Qg5 26. Qxa6 Nxd4 27. Qxa7
g6 28. Qa8+ Kg7 29. e5 Ne2+ 30. Kf1 Qd2 31. Qf3 Nf4 32. Bh1 Rxa2 33. Qe3 Qd3+
34. Qxd3 Nxd3 35. Re3 Nxf2 36. Bf3 Nh3 37. Bg4 Nf4 38. h3 h5 39. Bc8 Rc2 40.
Ba6 Rh2 41. Bc8 Rc2 42. Ba6 h4 43. Bb5 Rc5 44. Bd7 Kh6 45. Bg4 Kg5 46. Kf2 Rc2+
47. Kf3 Rg2 48. Bd7 Rg3+ 49. Ke4 Ne6 50. b4 Rxe3+ 51. Kxe3 Kf5 52. Be8 Ng5 53.
Kd4 Ke6 54. Kc4 Nxh3 55. Kb5 Nf2 56. Kxb6 h3 57. Kc7 h2 58. Bc6 Kxe5 59. Bg2
h1=Q 60. Bxh1 Nxh1 61. b5 Nf2 62. b6 Ne4 0-1

[Event "Uzhgorod"]
[Site "Uzhgorod"]
[Date "1987.??.??"]
[Round "?"]
[White "Oll, Lembit"]
[Black "Dokhoian, Yury"]
[Result "1/2-1/2"]
[WhiteElo "2440"]
[BlackElo "2530"]
[PlyCount "43"]
[EventDate "1987.??.??"]
[EventType "tourn"]
[EventRounds "15"]
[EventCountry "URS"]
[EventCategory "8"]
[Source "ChessBase"]
[SourceDate "1996.11.15"]

1. c4 Nf6 2. Nf3 c6 3. d4 d5 4. e3 Bf5 5. Nc3 e6 6. Bd3 Be7 7. Bxf5 exf5 8. Qb3
Qb6 9. Ne5 dxc4 10. Qxc4 O-O 11. O-O Nbd7 12. Qd3 g6 13. Nc4 Qc7 14. b3 b5 15.
Nd2 Rad8 16. Bb2 Nc5 17. Qc2 Ne6 18. Nf3 Qb7 19. a4 a6 20. Rfd1 Rc8 21. Qe2
Rfd8 22. Ne5 1/2-1/2

[Event "Uzhgorod"]
[Site "Uzhgorod"]
[Date "1987.??.??"]
[Round "?"]
[White "Oll, Lembit"]
[Black "Gelfand, Boris"]
[Result "1/2-1/2"]
[WhiteElo "2440"]
[BlackElo "2470"]
[PlyCount "60"]
[EventDate "1987.??.??"]
[EventType "tourn"]
[EventRounds "15"]
[EventCountry "URS"]
[EventCategory "8"]
[Source "ChessBase"]
[SourceDate "1996.11.15"]

1. d4 Nf6 2. c4 e6 3. Nf3 d5 4. Nc3 Be7 5. Bg5 h6 6. Bxf6 Bxf6 7. e3 O-O 8. Rc1
c6 9. Bd3 Nd7 10. O-O dxc4 11. Bxc4 e5 12. h3 exd4 13. exd4 Nb6 14. Bb3 Bf5 15.
Re1 a5 16. a3 Re8 17. Rxe8+ Qxe8 18. Qd2 a4 19. Ba2 Qd7 20. Re1 Rd8 21. Qf4 Bg6
22. g4 Kh7 23. h4 h5 24. gxh5 Bxh5 25. Ne4 Nd5 26. Bxd5 Qxd5 27. Qxf6 gxf6 28.
Nxf6+ Kg7 29. Nxd5 Rxd5 30. Kg2 Bxf3+ 1/2-1/2

[Event "Uzhgorod"]
[Site "Uzhgorod"]
[Date "1987.??.??"]
[Round "?"]
[White "Oll, Lembit"]
[Black "Serper, Grigory"]
[Result "1-0"]
[WhiteElo "2440"]
[BlackElo "2365"]
[PlyCount "68"]
[EventDate "1987.??.??"]
[EventType "tourn"]
[EventRounds "15"]
[EventCountry "URS"]
[EventCategory "8"]
[Source "ChessBase"]
[SourceDate "1996.11.15"]

1. e4 e5 2. Nf3 Nc6 3. Bb5 g6 4. c3 Nge7 5. O-O Bg7 6. d4 exd4 7. cxd4 d5 8.
exd5 Nxd5 9. Re1+ Be6 10. Ne5 O-O 11. Bxc6 bxc6 12. Nxc6 Qd6 13. Ne5 Rfd8 14.
Nd2 Nb4 15. Qa4 Qxd4 16. Ndf3 Qb6 17. Be3 Qb7 18. Bd4 Bd5 19. Bc3 Bxf3 20. Nxf3
Bxc3 21. bxc3 Nd3 22. Re2 Qd5 23. Rd2 c5 24. c4 Qe4 25. Rad1 Rd6 26. h3 a6 27.
Qc2 Rad8 28. Qb1 Qxc4 29. Ne5 Nxe5 30. Rxd6 Rxd6 31. Qb8+ Kg7 32. Qxd6 Qc3 33.
Qxa6 c4 34. Qb6 Nd3 1-0

[Event "Uzhgorod"]
[Site "Uzhgorod"]
[Date "1987.??.??"]
[Round "?"]
[White "Oll, Lembit"]
[Black "Yakovich, Yuri"]
[Result "1/2-1/2"]
[WhiteElo "2440"]
[BlackElo "2450"]
[PlyCount "48"]
[EventDate "1987.??.??"]
[EventType "tourn"]
[EventRounds "15"]
[EventCountry "URS"]
[EventCategory "8"]
[Source "ChessBase"]
[SourceDate "1996.11.15"]

1. e4 c5 2. Nf3 Nc6 3. c3 Nf6 4. e5 Nd5 5. d4 cxd4 6. cxd4 d6 7. Bc4 Nb6 8. Bb5
dxe5 9. Nxe5 Bd7 10. Nc3 Nxe5 11. dxe5 Bxb5 12. Qxd8+ Rxd8 13. Nxb5 a6 14. Nc3
e6 15. Ke2 Be7 16. b3 Nd5 17. Nxd5 Rxd5 18. Bb2 Kd7 19. Rhd1 Rxd1 20. Rxd1+ Kc6
21. Rc1+ Kd7 22. Rd1+ Kc6 23. Rc1+ Kd7 24. Rd1+ Kc6 1/2-1/2

[Event "Uzhgorod"]
[Site "Uzhgorod"]
[Date "1987.??.??"]
[Round "?"]
[White "Rozentalis, Eduardas"]
[Black "Oll, Lembit"]
[Result "1/2-1/2"]
[WhiteElo "2455"]
[BlackElo "2440"]
[PlyCount "81"]
[EventDate "1987.??.??"]
[EventType "tourn"]
[EventRounds "15"]
[EventCountry "URS"]
[EventCategory "8"]
[Source "ChessBase"]
[SourceDate "1996.11.15"]

1. e4 c6 2. d4 d5 3. exd5 cxd5 4. Bd3 Nc6 5. c3 Nf6 6. Bf4 Bg4 7. Nf3 e6 8.
Nbd2 Bd6 9. Bxd6 Qxd6 10. O-O O-O 11. Qe2 Rfe8 12. Qe3 Bf5 13. Ne5 Nxe5 14.
dxe5 Ng4 15. Qd4 Qxe5 16. Qxe5 Nxe5 17. Bxf5 exf5 18. Rfd1 Rad8 19. Nb3 Nc4 20.
Nd4 f4 21. b3 Nd6 22. Kf1 Ne4 23. Rd3 Nc5 24. Rd2 Ne4 25. Rd3 Nc5 26. Rd2 g5
27. Rad1 Ne4 28. Rd3 Rc8 29. Ne2 Nf6 30. Nd4 Rc5 31. f3 Kf8 32. R1d2 Rec8 33.
Ne2 Ke7 34. Ke1 a5 35. Kd1 a4 36. bxa4 Kd7 37. Rb2 Kc7 38. Nd4 Re8 39. Rdd2 Nd7
40. Rb4 Re3 41. Nb5+ 1/2-1/2

[Event "Tallinn"]
[Site "Tallinn"]
[Date "1987.??.??"]
[Round "?"]
[White "Gavrikov, Viktor"]
[Black "Oll, Lembit"]
[Result "1/2-1/2"]
[WhiteElo "2550"]
[BlackElo "2430"]
[PlyCount "82"]
[EventDate "1987.04.??"]
[EventType "tourn"]
[EventRounds "13"]
[EventCountry "URS"]
[EventCategory "11"]
[Source "ChessBase"]
[SourceDate "1996.11.15"]

1. e4 c5 2. Nf3 d6 3. d4 cxd4 4. Nxd4 Nf6 5. Nc3 a6 6. f4 e6 7. Be2 Be7 8. O-O
O-O 9. a4 Nc6 10. Be3 Re8 11. Kh1 Qc7 12. Bd3 Bd7 13. Qf3 Bf8 14. Rae1 Nb4 15.
Bf2 e5 16. fxe5 dxe5 17. Nf5 Bxf5 18. Qxf5 Nxd3 19. cxd3 Qd7 20. Qxd7 Nxd7 21.
Nd5 Rac8 22. Rc1 Rc6 23. Rc3 Bc5 24. Bh4 f6 25. Rfc1 Rec8 26. b4 Bd6 27. Be1
Rxc3 28. Rxc3 Rxc3 29. Bxc3 Kf7 30. g4 Ke6 31. Kg2 a5 32. b5 Nc5 33. Bxa5 Nxa4
34. Kf3 Nc5 35. Ke3 Nb3 36. Bb6 g6 37. h4 h5 38. gxh5 gxh5 39. Nc3 Bf8 40. Ne2
Bh6+ 41. Kf3 Nd2+ 1/2-1/2

[Event "Tallinn"]
[Site "Tallinn"]
[Date "1987.??.??"]
[Round "?"]
[White "Malaniuk, Vladimir"]
[Black "Oll, Lembit"]
[Result "1/2-1/2"]
[WhiteElo "2575"]
[BlackElo "2430"]
[PlyCount "25"]
[EventDate "1987.04.??"]
[EventType "tourn"]
[EventRounds "13"]
[EventCountry "URS"]
[EventCategory "11"]
[Source "ChessBase"]
[SourceDate "1996.11.15"]

1. e4 e6 2. d4 d5 3. Nc3 Bb4 4. e5 c5 5. a3 Bxc3+ 6. bxc3 Qa5 7. Nf3 Qxc3+ 8.
Bd2 Qb2 9. Rb1 Qxa3 10. Ra1 Qb2 11. Rb1 Qa3 12. Ra1 Qb2 13. Rb1 1/2-1/2

[Event "Tallinn"]
[Site "Tallinn"]
[Date "1987.??.??"]
[Round "?"]
[White "Oll, Lembit"]
[Black "Karner, Hillar"]
[Result "1/2-1/2"]
[WhiteElo "2430"]
[BlackElo "2390"]
[PlyCount "65"]
[EventDate "1987.04.??"]
[EventType "tourn"]
[EventRounds "13"]
[EventCountry "URS"]
[EventCategory "11"]
[Source "ChessBase"]
[SourceDate "1996.11.15"]

1. e4 c5 2. Nf3 Nc6 3. d4 cxd4 4. Nxd4 Nf6 5. Nc3 d6 6. Bg5 e6 7. Qd2 a6 8.
O-O-O h6 9. Be3 Bd7 10. f3 Rb8 11. g4 b5 12. h4 b4 13. Nce2 Ne5 14. Nf4 Qa5 15.
Kb1 Nxf3 16. Nxf3 Nxe4 17. Qd4 Nc3+ 18. bxc3 bxc3+ 19. Ka1 Rb4 20. Bc4 Bb5 21.
Ne5 Be7 22. Bxb5+ Qxb5 23. Qxc3 O-O 24. Nf3 Rb8 25. Bd4 e5 26. Qxb4 Qxb4 27.
Rb1 exd4 28. Rxb4 Rxb4 29. Nd5 Rb7 30. Nxd4 Kf8 31. Nc6 Bf6+ 32. Nxf6 gxf6 33.
Nd4 1/2-1/2